000 00614nam a2200241Ia 4500
003 OSt
005 20221005063120.0
006 a|||||r|||| 00| 0
007 ta
008 221004b |||||||| |||| 00| 0 eng d
024 _a73033
037 _cTextual
040 _aCRL
_cCRL
_beng
041 _2eng
_aeng
082 _aI715:12, D3
100 _aWatson W.
_9348315
245 0 _aOrchids
_b Their culture and management
260 _aLondon
_bUpcott Gill
_c1903
300 _a559p.
_ccm.
650 _aBOTANY
942 _hI715:12, D3
_cTEXL
_2cc
999 _c970931
_d970931